000 00397nam a22001577a 4500
999 _c7970
_d7968
005 20220219163248.0
008 220219b ||||| |||| 00| 0 eng d
020 _a978-81-89904-87-6
041 _aeng
100 _aMURTY,VEDULA RAMANA
_97213
245 _aOPERATIONAL HANDBOOK OF MINERAL PROCESSING
260 _aNAGPUR
_bDENGTT
_c2020
300 _a534;p
650 _aMINING
_97214
942 _cBK